00515nam a22001812 4500001001100000005001700011008004100028020002800069040001500097050002200112100002800134245004400162250001200206260004300218300001500261650002700276700003000303000000387420151217154342.0070516s xx 000 0 eng d a0333962579 :cKES 3,465 aKABUcKABU 0aQD31.2b.L49 20011 aLewis, Rob.@000001660910aChemistry /cRob Lewis and Wynne Evans. a2nd ed. aNew York :bPalgrave Macmillan,c2001. axi, 465 p. 0aChemistry.@00001482021 aEvans, Wynne.@0000154086